00384nam a22001457a 4500003000400000005001700004008004100021040000800062050001400070082001400084100003000098245007600128260002400204300001000228OSt20241022071658.0241022b |||||||| |||| 00| 0 eng d cDLC a821 V677P a821 V677P a Vigil, Maryann (Sanchez) aPoem from His Fountain:bfountain of love/cby Maryann (Sanchez) Vigil. bXulon Press,c2014. a129p.